000 00662nam a22001697a 4500
008 260323b |||||||| |||| 00| 0 eng d
020 _a9781409343080
050 _aPL1107
_b .F58 2014
245 _a15 minute Mandarin Chinese /
_cDK.
260 _aLondon :
_bDK,
_c2014.
300 _a160 pages :
_billustrations ;
_c20 cm
520 _aA concise language-learning guide providing Mandarin Chinese vocabulary, phrases, and basic grammar for everyday conversation.
650 _aChinese language
_xChinese language
_xStudy and teaching.
650 _aLanguage acquisition.
650 _aSelf-instruction
942 _2lcc
_cBOOKS
_hPL1107 .F58 2014
999 _c32376
_d32376